000 00235nam a2200097Ia 4500
008 240625s9999 xx 000 0 und d
041 _aeng
082 _a658.404 MIC
100 _aMICROSOFT
245 _aMICROSOFT OFFICE PROJECT SERVER 2003
999 _c33544
_d33544